| 000 | 00475nam a2200145Ia 4500 | ||
|---|---|---|---|
| 008 | 260210s9999 xx 000 0 und d | ||
| 024 | _a01A-31-CE, 01A-25-CE, 01A-18-CE & 01A-14-CE, | ||
| 082 | _a629.2542072 RIA | ||
| 100 | _aTanveer Riaz,S. Salman Ali,M. Farrukh & M. Rashid | ||
| 110 | _aShaista Ashraf | ||
| 245 | 0 | _aAutomated UPS Monitoring System | |
| 260 |
_aKarachi: _bUITU, _c2001 |
||
| 600 | _aBachelor of Engineering (B.E) | ||
| 650 | _aComputer Engineering | ||
| 999 |
_c32663 _d32663 |
||